Κατάλογος Βιβλιοθηκών Mediterranean College

Γενικό Εμπορικό Δίκαιο / Από την Εμπορική Πράξη στην Εμπορική Σύμβαση (Record no. 4345)

MARC details
000 -LEADER
fixed length control field 02008cam a22002054a 4500
005 - ΗΜΕΡΟΜΗΝΙΑ ΚΑΙ ΩΡΑ ΤΕΛΕΥΤΑΙΑΣ ΕΝΗΜΕΡΩΣΗΣ
Πεδίο ελέγχου 20250605164143.0
008 - FIXED-LENGTH DATA ELEMENTS--GENERAL INFORMATION
Πεδίο ελέγχου σταθερού μήκους 250528s ||||||||||||||||||||||||d
035 ## - SYSTEM CONTROL NUMBER
System control number 19062
020 ## - ISBN
ISBN 9604200666
040 ## - ΠΗΓΗ ΚΑΤΑΛΟΓΟΓΡΑΦΗΣΗΣ
Φορέας πρωτότυπης καταλογογράφησης MC Athens Campus Library
Γλώσσα καταλογογράφησης Ελληνικά, Μοντέρνα (1453-)
Modifying agency MC Athens Campus Library
Κανόνες περιγραφικής καταλογογράφησης AACR2
245 1# - ΤΙΤΛΟΣ ΚΑΙ ΔΗΛΩΣΗ ΥΠΕΥΘΥΝΟΤΗΤΑΣ
Τίτλος Γενικό Εμπορικό Δίκαιο / Από την Εμπορική Πράξη στην Εμπορική Σύμβαση
250 ## - EDITION STATEMENT
Edition statement
260 ## - PUBLICATION, DISTRIBUTION, ETC.
Name of publisher, distributor, etc. Π. Ν. Σάκκουλας,
Date of publication, distribution, etc. 1998
300 ## - PHYSICAL DESCRIPTION
Extent 280
520 ## - SUMMARY, ETC.
Summary, etc. Έννοια και Ιστορία και Ερμηνεία και Προοπτική του Εμπορικού Δικαίου, Η Έννοια του Εμπορικού Δικαίου και η Θέση του στο Σύστημα του Δικαίου, Ιστορία του Ελληνικού Εμπορικού Δικαίου, Πηγές του Εμπορικού Δικαίου και το Ζήτημα της Ερμηνείας, Συστηματική Διάρθρωση του Εμπορικού Δικαίου, Το Κριτήριο της Εμπορικότητας και η Προοπτική του Εμπορικού Δικαίου, Εμπορική Πράξη και Εμπορική Σύμβαση, Εμπορική Πώληση, Πρακτορεία, Παραγγελία, Μεταφορά, Ενέγγυα Πίστωση και Εγγυητική Επιστολή, Έμπορος και Συνέπειες Ιδιότητας και Εμπορικής Πράξης, Εμπορική Δημοσιότητα, Συστήματα Διανομής Εμπορευμάτων, Μέσα Πληρωμής στις Εμπορικές Συναλλαγές, Ενοχικά και Εμπράγματα Δικαιώματα στο Εμπορικό Δίκαιο, Η Συμβολή της Νομολογία στο Εμπορικό Δίκαιο και τα Νομοθετικά Προβλήματα.
700 1# - ΠΡΟΣΘΕΤΗ ΑΝΑΓΡΑΦΗ--ΦΥΣΙΚΟ ΠΡΟΣΩΠΟ
Personal name Λιακόπουλος Θανάσης Θ
9 (RLIN) 2642
942 ## - ADDED ENTRY ELEMENTS (KOHA)
Koha item type Books
Holdings
Τύπος τεκμηρίου Βιβλιοθήκη Τρέχουσα τοποθεσία Barcode Αριθμός εισαγωγής Ημερομηνία απόκτησης Ταξιθετικό σύμβολο Αριθμός αντιτύπου Κατάσταση απόσυρσης Κατάσταση χαμένου Κατάσταση κατεστραμμένου Μη δανεισμός Σύνολο δανεισμών Ημερομηνία τελευταίας εμφάνισης Η τιμή ισχύει από
Books MC Athens Campus Library MC Athens Campus Library 9780000043443 3999 05/06/2025 346.07 LIA 1           05/06/2025 05/06/2025

MC Athens Campus Library
Πατησίων 94 & Κοδριγκτώνος 13, 104 34
Πελλήνης 8 & Πατησίων 107, 112 51
Τ: +30 210 8899600

MC Thessaloniki Campus Library
Ίωνος Δραγούμη 21, 54625 | Ίωνος Δραγούμη 15, 54625
Τ: +30 2310 287779 – Τ: +30 2314 440300